000 01150nam a2200337Ic 4500
001 60754
003 CO-BoRNBP
005 20260317213624.0
007 ta
008 141031s2008 sp a0 sga d s spa
020 _a9788496388789
040 _aCO-BoRNBP
_bspa
_erda
_cCO-BoRNBP
041 _aspa
084 _aA
100 1 0 _aWiesmüller, Dieter,
_d1950-
_eaut
_963762
245 1 0 _aMiradas /
_ctexto e ilustraciones Dieter Wiesmüller ; traducción Ignasi Centelles y María José Martín.
250 _aPrimera edición
264 1 _aSevilla, España :
_bKalandraka,
_c2008
300 _a25 páginas :
_bilustraciones a color
336 _atexto
_btxt
_2rdacontent
337 _asin mediación
_bn
_2rdamedia
338 _avolumen
_bnc
_2rdacarrier
650 0 7 _aÁlbumes infantiles alemanes
_ySiglo XX
_2rnbp
_92436
650 1 7 _aLibros ilustrados para niños
_2rnbp
_92001
650 1 7 _aLiteratura infantil alemana
_2rnbp
650 1 7 _aOjos
_vÁlbum infantil
_2lemb
_963763
650 1 7 _aAnimales
_vÁlbum infantil
_2lemb
_92358
700 1 0 _aCentelles, Ignasi
_etrl
_963764
700 1 0 _aMartín, José María
_etrl
_963765
942 _2loc
_cBKINF
999 _c60754
_d60754